Phonemics: a technique for reducing languages and writing

Guardat en:
Dades bibliogràfiques
Autor principal: Pike, Kenneth L (Autor)
Format: Llibre
Idioma:anglès
Publicat: Ann Arbor The University of Michigan 1950
Edició:6a. ed
Matèries:
Etiquetes: Afegir etiqueta
Sense etiquetes, Sigues el primer a etiquetar aquest registre!

MARC

LEADER 00000cam a2200000 a 4500
001 UCI2077
003 CL-VaPUC
008 070803e19500000us |||||||||||||||||eng|d
082 0 4 |a 414  |b PIK  |2 21 
100 0 |a Pike, Kenneth L  |e author  |9 522944 
245 1 0 |a Phonemics: a technique for reducing languages and writing 
250 |a 6a. ed 
300 |a 254 p 
942 |c BK 
945 |d 20070803 00:00:00  |a rbrito 
260 |a Ann Arbor  |b The University of Michigan  |c 1950 
650 0 |a Fonética  |9 308371 
650 0 |a Lingüística  |9 265068 
650 0 |a Análisis del habla  |9 342630 
650 7 |a HABLA  |2 CL-VaPUC  |9 311668 
650 0 |a Fonología   |9 341074 
583 |a last modification  |c 20141022 11:21:35  |k Rodrigo Vera 
999 |c 326724  |d 326722 
952 |0 0  |1 0  |4 0  |6 414_000000000000000_PIK_1950  |7 0  |8 A  |9 408837  |a FDOPOS  |b BIBEDU  |d 2019-11-22  |i 4361040  |l 1  |o 414 PIK 1950  |p 4361040  |r 2025-04-02  |s 2025-03-27  |w 2019-11-22  |y BK  |k MLA